God, soul and universe in science and Islam/ (Record no. 20297)

MARC details
000 -LEADER
fixed length control field 00689cam a22002531 4500
001 - CONTROL NUMBER
control field 7489912
003 - CONTROL NUMBER IDENTIFIER
control field BDDh-ASL
005 - DATE AND TIME OF LATEST TRANSACTION
control field 20231015025853.0
008 - FIXED-LENGTH DATA ELEMENTS--GENERAL INFORMATION
fixed length control field 820524s1947 pk a 000 0 eng
010 ## - LIBRARY OF CONGRESS CONTROL NUMBER
LC control number 60019489
035 ## - SYSTEM CONTROL NUMBER
System control number (OCoLC)8456493
040 ## - CATALOGING SOURCE
Original cataloging agency DLC
Transcribing agency TNJ
Modifying agency TNJ
-- DLC
-- BDDh-ASL
042 ## - AUTHENTICATION CODE
Authentication code premarc
050 00 - LIBRARY OF CONGRESS CALL NUMBER
Classification number BP161
Item number .K44 1947
082 ## - DEWEY DECIMAL CLASSIFICATION NUMBER
Classification number 297.2
Item number MOG
100 1# - MAIN ENTRY--PERSONAL NAME
Personal name Khan, Mohammed Yamin.
245 10 - TITLE STATEMENT
Title God, soul and universe in science and Islam/
250 ## - EDITION STATEMENT
Edition statement [2d ed.]
260 ## - PUBLICATION, DISTRIBUTION, ETC.
Place of publication, distribution, etc. Lahore:
Name of publisher, distributor, etc. Muhammad Ashraf,
Date of publication, distribution, etc. [1947]
300 ## - PHYSICAL DESCRIPTION
Extent vii, 140 p.
Other physical details illus.
Dimensions 19 cm.
650 #0 - SUBJECT ADDED ENTRY--TOPICAL TERM
Topical term or geographic name entry element Islam.
906 ## - LOCAL DATA ELEMENT F, LDF (RLIN)
a 7
b cbc
c oclcrpl
d u
e ncip
f 19
g y-gencatlg
942 ## - ADDED ENTRY ELEMENTS (KOHA)
Source of classification or shelving scheme Dewey Decimal Classification
Koha item type Books
Holdings
Withdrawn status Lost status Source of classification or shelving scheme Damaged status Not for loan Collection code Home library Current library Shelving location Date acquired Source of acquisition Total Checkouts Full call number Barcode Date last seen Copy number Price effective from Koha item type Public note
    Dewey Decimal Classification   Not For Loan Non-fiction Asiatic Society Library Asiatic Society Library General Stacks 12/29/2020 ASB Collection   297.2 MOG 103711 12/29/2020 C-1 12/29/2020 Books RARE

Powered by Koha